Statistiques concernant Personnage du Roi Lion (Disney)

Cliquez ici pour prendre le quiz!

Statistiques générales

  • Ce quiz a été pris 2 035 fois
  • Le résultat moyen est 10 sur 14

Statistiques - réponses

Personnages% Correct
Jeune lionSimba
100%
Le phacochèrePumbaa
98%
L'oncleScar
98%
La future femme du jeune lionNala
97%
Le pèreMufasa
96%
Le suricateTimon
96%
L'oiseau bavardZazu
85%
Le singeRafiki
77%
Mère du jeune lionSarabi
60%
La hyène idioteEd
56%
Leader du trio des hyènesShenzi
43%
La hyène qui ferme le trioBanzaï
35%
Mère de la future femme du jeune lionSarafina
22%
Fils du jeune lionKopa
8%

Distribution des résultats

Percentile par nombre de réponses

% des personnes avec chaque résultat

Votre développement - résultats

Vous n’avez pas pris ce quiz